=LDR 00000nam 2200000 4500 =001 INLIS000000000058592 =005 20211005095710 =035 ##$$a 0010-1021000040 =007 ta =008 211005###########################0#ind## =020 ##$$a 978-623-93489-0-8 =082 ##$$a 028.55 =084 ##$$a 028.55 Nir m =245 1#$$a Menghargai teman /$c Nirna Tiskadewi & Mutaroh A'mal =300 ##$$a 32 halaman : $b Ilustrasi ; $c 20 cm =650 #4$$a Bacaan kanak - kanak =264 ##$$a Bekasi :$b Manjada Cipta Mandiri Publisher,$c 2020 =336 ##$$a teks$2 rdacontent =337 ##$$a lain-lain$2 rdamedia =338 ##$$a lain-lain$2 rdacarrier =990 ##$$a 14771477 =990 ##$$a 14771477